000 01470nam a2200325 i 4500
003 EG-GICUC
005 20260419065036.0
008 260419s1980 ||| |||fr|||| 00| 0 Ara d
040 _a EG-GICUC
_bara
_c EG-GICUC
_d EG-GICUC
_erda
041 _aAra
082 0 4 _221
_a343.114
_bق ا
092 0 4 _221
099 _aLaw1 10 343.114 ق ا 1980
245 0 0 _aقانون العقوبات والتشريعات المكملة له.
264 1 _a[مكان النشر غير محدد] :
_b[الناشر غير محدد]،
_c1980.
300 _a152 ؛صفحة
_c24 سم.
336 _2rda content
_atext
337 _2rda media
_aComputer
338 _2rda carrier
_aOnline Resource
490 _aالمحاماة
500 _aيشتمل هذا الملحق على قانون العقوبات وتعديلاته ضمان حرية المواطنين حماية القيم من العيب قانون الوحدة الوطنية حماية الجبهة الداخلية حماية الأموال العامة تشريعات أخرى متفرقة
505 _aملحق العددين السابع والثامن للسنة الستين
546 _aالنص باللغة العربية
650 1 _aمبدأ شرعية الجرائم والعقوبات
_2qrmak
650 1 _aالقانون الجنائى
_2qrmak
651 1 _2qrmak
856 4 0 _uhttps://fll.law.cu.edu.eg/fulltext/bks/B10-09855.pdf
905 _a54
942 _2ddc
_cBK
_e21
_n0
999 _c71715
_d71715